| Tag |
First Indicator |
Second Indicator |
Subfields |
| LEADER |
00000nam a2200000Ia 4500 |
| 001 |
in00004342012 |
| 005 |
20200812095158.0 |
| 006 |
m g d |
| 007 |
cr bn |||a|bb| |
| 008 |
130830s1684 enk o 000 0 eng d |
| 040 |
|
|
|a UMI
|e dcrmb
|c UMI
|
| 035 |
|
|
|a (OCoLC)857313557
|
| 037 |
|
|
|a CL0037000138
|b ProQuest, 789 E. Eisenhower Parkway, Ann Arbor, MI 48108-3218
|
| 043 |
|
|
|a e-uk-en
|
| 090 |
|
|
|a SF285
|b .M37 1684
|
| 049 |
|
|
|a UMIA
|
| 100 |
1 |
|
|a Markham, Gervase,
|d 1568?-1637.
|
| 245 |
1 |
4 |
|a The perfect horse-man, or, The experienced secrets of Mr. Markham's fifty years practice :
|b shewing how a man may come to be a general horse-man ... /
|c Published by Lancelot Thetford, practitioner in the same art for the space of forty years.
|
| 246 |
3 |
|
|a Perfect horse man, or, The experienced secrets of Mr. Markham's fifty years practice
|
| 246 |
3 |
0 |
|a Experienced secrets of Mr. Markham's fifty years practice
|
| 246 |
1 |
3 |
|a Perfect horsman, or, The experienced secrets of Mr. Markham's 50 years practice
|
| 250 |
|
|
|a The last edition, corrected.
|
| 260 |
|
|
|a London :
|b Printed by B[ernard] W[hite] for Richard Chiswel, at the Rose and Crown in St. Paul's Church-yard,
|c 1684.
|
| 300 |
|
|
|a 1 online resource ([16], 175, [1] pages)
|
| 336 |
|
|
|a text
|b txt
|2 rdacontent
|
| 337 |
|
|
|a computer
|b c
|2 rdamedia
|
| 338 |
|
|
|a online resource
|b cr
|2 rdacarrier
|
| 500 |
|
|
|a Printer's name suggested by Wing (2nd edition, 1994).
|
| 500 |
|
|
|a Edition statement precedes imprint.
|
| 500 |
|
|
|a Includes added engraved title page.
|
| 500 |
|
|
|a "Books printed for and sold by Richard Chiswell": pages [13]-[16].
|
| 500 |
|
|
|a Headpieces; initials.
|
| 500 |
|
|
|a Reproduction of original in: Beinecke Rare Book and Manuscript Library.
|
| 510 |
4 |
|
|a Wing (2nd edition, 1994),
|c M673A
|
| 510 |
4 |
|
|a ESTC
|c R180368
|
| 533 |
|
|
|a Electronic reproduction.
|b Ann Arbor, Mich. :
|c UMI,
|d 1999-
|f (Early English books online)
|n Digital version of: (Early English Books, 1641-1700 ; 3038:4)
|7 s1999 miun s
|
| 650 |
|
0 |
|a Horses
|z England
|v Early works to 1800.
|
| 650 |
|
0 |
|a Horsemanship
|z England
|v Early works to 1800.
|
| 655 |
|
7 |
|a Booksellers' advertisements
|z England
|z London
|y 17th century.
|2 rbgenr
|
| 700 |
1 |
|
|a White, Bernard,
|e printer.
|
| 700 |
1 |
|
|a Chiswell, Richard,
|e bookseller.
|
| 700 |
1 |
|
|a Thetford, Lancelot,
|e attributed name.
|
| 700 |
1 |
|
|a Kinnoull, Thomas Hay,
|c Earl of,
|d approximately 1660-1719,
|e former owner.
|
| 752 |
|
|
|a Great Britain
|b England
|d London.
|
| 830 |
|
0 |
|a Early English books online.
|
| 856 |
4 |
0 |
|u http://proxy.library.tamu.edu/login?url=https://search.proquest.com/docview/2248505053
|z Connect to the full text of this electronic book
|t 0
|
| 994 |
|
|
|a 01
|b UMI
|
| 999 |
f |
f |
|s 1b55eb84-6cef-3caf-8d88-2009cb32288f
|i 99919b40-9d3e-336e-a8a0-91d652401327
|t 0
|
| 952 |
f |
f |
|a Texas A&M University
|b College Station
|c Electronic Resources
|d Available Online
|t 0
|e SF285 .M37 1684
|h Library of Congress classification
|
| 998 |
f |
f |
|a SF285 .M37 1684
|t 0
|l Available Online
|